Countries That Have Never Been In War - Statistics

General Stats
  • This quiz has been taken 40 times
  • The average score is 3 of 6
Answer Stats
Answer % Correct
Vatican City
77%
San Marino
74%
Switzerland
74%
Tuvalu
34%
F.S. Micronesia
29%
Mauritius
17%
No matching quizzes found
Score Distribution
Percent of People with Each Score
Percentile by Number Answered
Your Score History
You have not taken this quiz